| 000 | 01681cam a2200337 a 4500 | ||
|---|---|---|---|
| 001 | 14516131 | ||
| 005 | 20070912165703.0 | ||
| 008 | 060824s2007 nyua b 001 0 eng | ||
| 010 | _a 2006027599 | ||
| 020 | _a9780393060959 (hardcover) | ||
| 020 | _a0393060950 (hardcover) | ||
| 020 | _a9780393331998 | ||
| 035 | _a(OCoLC)ocm71243832 | ||
| 035 | _a(OCoLC)71243832 | ||
| 040 |
_aDLC _cDLC _dYDX _dBAKER _dYDXCP _dZS3 _dNPL _dBTCTA _dVP@ _dDLC |
||
| 050 | 0 | 0 |
_aJC585 _b.H89 2007 |
| 082 | 0 | 0 |
_a323.09 _222 _bHUN |
| 100 | 1 | _aHunt, Lynn Avery. | |
| 245 | 1 | 0 |
_aInventing human rights : _bA history / _cLynn Hunt. |
| 260 |
_aNew York : _bW.W. Norton & Co., _cc2007. |
||
| 300 |
_a272 p. : _bill. ; _c22 cm. |
||
| 504 | _aIncludes bibliographical references and index. | ||
| 505 | 0 | _a"Torrents of emotion" : reading novels and imagining equality -- "Bone of their bone" : abolishing torture -- "They have set a great example" : declaring rights -- "There will be no end of it" : the consequences of declaring -- "The soft power of humanity" : why human rights failed, only to succeed in the long run. | |
| 650 | 0 |
_aHuman rights _xHistory. |
|
| 650 | 0 | _aHuman rights in literature. | |
| 650 | 0 |
_aTorture _xHistory. |
|
| 856 | 4 | 1 |
_3Table of contents only _uhttp://www.loc.gov/catdir/toc/ecip0620/2006027599.html |
| 942 |
_2ddc _cBB |
||
| 999 |
_c11035 _d11035 |
||